[Event "ROM-ch U08"]
[Site "Calimanesti Caciulata"]
[Date "2019.04.16"]
[Round "2"]
[White "Iacob, Dan Arthur"]
[Black "Basturea, Ianis Stefan"]
[Result "0-1"]
[WhiteElo "1001"]
[BlackElo "1057"]
[PlyCount "86"]
[EventDate "2019.04.15"]
[EventType "swiss"]
[EventRounds "9"]
[EventCountry "ROU"]
[SourceTitle "CBM 190 Extra"]
[Source "ChessBase"]
[SourceDate "2019.07.15"]
[SourceVersion "1"]
[SourceVersionDate "2019.07.15"]
[SourceQuality "1"]

1. d4 d5 2. c4 e6 3. Nc3 c6 4. e3 f5 5. Bd3 Bd6 6. Nf3 Nd7 7. 0-0 Ngf6 8. Ne5 Bxe5 9. dxe5 Nxe5 10. f4 Nxc4 11. b3 Nd6 12. Bb2 0-0 13. Qd2 Ng4 14. h3 Nf6 15. Qf2 Qe7 16. Qh4 Bd7 17. Rf3 Be8 18. Rg3 Bg6 19. Rf1 Nde4 20. Nxe4 fxe4 21. Be2 Rae8 22. Bg4 Nxg4 23. Rxg4 Qxh4 24. Rxh4 Rf7 25. g4 Ref8 26. Ba3 Rd8 27. Rf2 a6 28. Rg2 d4 29. Bc5 d3 30. Bb6 d2 31. Bxd8 d1Q+ 32. Kh2 Qxd8 33. g5 Qd6 34. Rf2 e5 35. Rg4 exf4 36. exf4 e3 37. Rf3 Qd2+ 38. Rg2 Qd5 39. h4 Qxf3 40. Rg3 Qxf4 41. h5 Qh4+ 42. Kg2 Rf2+ 43. Kg1 Qh2# 0-1